Administratívne podmienky počas vyslania

Už pred prijatím smernice 2014/67/EÚ mnohé štáty mali zavedené rôzne administratívne povinnosti, ktoré sa týkajú vyslania zamestnancov. Povinnosti zamestnávateľov vysielajúcich zamestnancov - SR. Ohlásenie vyslania - právna úprava vo vybraných štátoch EÚ. Evidenčná povinnosť a uchovávanie dokumentov...

Descrizione completa

Salvato in:
Dettagli Bibliografici
Autore principale: Toman, Jozef
Natura: Capitolo di libro
Lingua:slovacco
Soggetti:
Tags: Aggiungi Tag
Nessun Tag, puoi essere il primo ad aggiungerne!!

MARC

LEADER 00000naa a2200000 4500
001 0235659
005 20170907123526.3
041 0 |a slo 
044 |a SK 
245 1 0 |a Administratívne podmienky počas vyslania  |c Jozef Toman 
520 |a Už pred prijatím smernice 2014/67/EÚ mnohé štáty mali zavedené rôzne administratívne povinnosti, ktoré sa týkajú vyslania zamestnancov. Povinnosti zamestnávateľov vysielajúcich zamestnancov - SR. Ohlásenie vyslania - právna úprava vo vybraných štátoch EÚ. Evidenčná povinnosť a uchovávanie dokumentov - SR. Uchovávanie alebo sprístupnenie dokladov a doručenie dokladov - právna úprava vo vybraných štátoch EÚ. Kontaktná osoba. Povinnosti domáceho zamestnávateľa. 
610 2 0 |a práca v zahraničí 
610 2 0 |a zamestnanci 
610 2 0 |a zamestnávatelia 
610 2 0 |a povinnosti zamestnávateľov 
610 2 0 |a smernice 
610 2 0 |a legislatíva 
610 2 0 |a Európska únia 
610 2 0 |a Slovensko 
100 1 |a Toman, Jozef